ბათუმის შოთა რუსთაველის სახელმწიფო უნივერსიტეტის ბიბლიოთეკა

მარუხის თეთრი ღამეები (ბიბ.ჩანაწერი № 49153)

000 -LEADER
fixed length control field 00764nam a2200229Ia 4500
001 - CONTROL NUMBER
control field 16063
003 - CONTROL NUMBER IDENTIFIER
control field GE_BSU
008 - FIXED-LENGTH DATA ELEMENTS--GENERAL INFORMATION
fixed length control field 181216s||||||||xx |||||||||||||| ||und||
040 ## - CATALOGING SOURCE
Transcribing agency GE_BSU
080 ## - UNIVERSAL DECIMAL CLASSIFICATION NUMBER
Universal Decimal Classification number 821.353.1-4
100 ## - MAIN ENTRY--PERSONAL NAME
Personal name ჯაფარიძე, რევაზ
245 ## - TITLE STATEMENT
Title მარუხის თეთრი ღამეები
245 ## - TITLE STATEMENT
Remainder of title დოკ. მოთხრობა
245 ## - TITLE STATEMENT
Statement of responsibility, etc. რედ.ნ.გოგოძე.. მხ.ვ.ხიდეშელი
260 ## - PUBLICATION, DISTRIBUTION, ETC.
Place of publication, distribution, etc. თბილისი
260 ## - PUBLICATION, DISTRIBUTION, ETC.
Name of publisher, distributor, etc. ნაკადული
260 ## - PUBLICATION, DISTRIBUTION, ETC.
Date of publication, distribution, etc. 1975
300 ## - PHYSICAL DESCRIPTION
Extent 136გვ. : ილ. ; 19სმ
653 ## - INDEX TERM--UNCONTROLLED
Uncontrolled term დოკ. მოთხრობა
653 ## - INDEX TERM--UNCONTROLLED
Uncontrolled term მარუხის თეთრი ღამეები
942 ## - ADDED ENTRY ELEMENTS (KOHA)
Koha item type წიგნი
ეგზემპლარები
Withdrawn status Lost status Damaged status Not for loan Date acquired Barcode Date last seen Price effective from Koha item type
        2018-12-17 39671 2018-12-17 2018-12-17 წიგნი